Statistiques concernant Les 20 premiers éléments du tableau périodique

Cliquez ici pour prendre le quiz!

Statistiques générales

  • Ce quiz a été pris 102 fois
  • Le résultat moyen est 16 sur 20

Statistiques - réponses

#Réponses en français% Correct
1Hydrogène
100%
2Hélium
97%
6Carbone
96%
8Oxygène
96%
7Azote
83%
5Bore
83%
9Fluor
83%
18Argon
82%
3Lithium
82%
11Sodium
82%
10Néon
80%
12Magnésium
79%
19Potassium
73%
17Chlore
72%
13Aluminium
70%
4Béryllium
70%
20Calcium
70%
15Phosphore
70%
16Soufre
66%
14Silicium
65%

Distribution des résultats

Percentile par nombre de réponses

% des personnes avec chaque résultat

Votre développement - résultats

Vous n’avez pas pris ce quiz